Yo-Kai Watch 2 All Shady Tribe Yo-Kai - Statistics

General Stats
  • This quiz has been taken 5 times
  • The average score is 26 of 46
Answer Stats
Picture Answer % Correct
Count Cavity
100%
Darkyubi
100%
Dimmy
100%
Dracunyan
100%
Hidabat
100%
Leadoni
100%
Timidevil
100%
Wobblewok
100%
Abodabat
75%
Ake
75%
Eyesoar
75%
Negatibuzz
75%
Neighfarious
75%
Poofessor
75%
Slimamander
75%
Suspicioni
75%
Tantroni
75%
Tengloom
75%
Awevil
50%
Greesel
50%
K'mon-K'mon
50%
Moskevil
50%
Mynimo
50%
Negasus
50%
Nul
50%
Payn
50%
Snobetty
50%
Tyrat
50%
Yoink
50%
Yoodooit
50%
Agon
25%
Allnyta
25%
Beelzebold
25%
Belfree
25%
Blandon
25%
Carniboy
25%
Contrarioni
25%
Count Zapaway
25%
Eyellure
25%
Gimme
25%
Groupus Khan
25%
Grumpus Khan
25%
Herbiboy
25%
Nird
25%
Scritchy
25%
Wydeawake
25%
No matching quizzes found
Score Distribution
Percent of People with Each Score
Percentile by Number Answered
Your Score History
You have not taken this quiz